[Event "Open de Brest"]
[Site "Brest"]
[Date "2009.04.13"]
[Round "6.1"]
[White "Serralta, Michel"]
[Black "Todoran, Ion George"]
[Result "1/2-1/2"]
[WhiteElo "2125"]
[BlackElo "2195"]
[PlyCount "76"]
[EventDate "2009.04.15"]
[EventType "swiss"]
[EventRounds "7"]
[EventCountry "FRA"]

1. b3 e5 2. Bb2 Nc6 3. e3 d5 4. Bb5 Bd6 5. f4 Qe7 6. Nf3 f6 7. O-O e4 8. Nd4
Bd7 9. Qh5+ Qf7 10. Qxf7+ Kxf7 11. Nxc6 Bxc6 12. Bxc6 bxc6 13. Nc3 Ne7 14. Ne2
Nf5 15. Rac1 Rhd8 16. Nd4 Nxd4 17. Bxd4 Ba3 18. Rcd1 c5 19. Ba1 d4 20. Kf2 Rd6
21. c3 d3 22. Rb1 Rb6 23. Bb2 Bxb2 24. Rxb2 c4 25. Rfb1 Rab8 26. b4 c6 27. a4
a5 28. g4 Ke6 29. h3 Kd5 30. Ke1 h5 31. gxh5 Rh8 32. bxa5 Ra6 33. Rb7 Rxa5 34.
Rxg7 Rxh5 35. Rg3 Rxa4 36. Kf2 Ra2 37. Rd1 Ke6 38. Kg1 Kf5 1/2-1/2

[Event "Open de Brest"]
[Site "Brest"]
[Date "2009.04.13"]
[Round "6.2"]
[White "Baudin, Frederic"]
[Black "Pascal, Yann"]
[Result "0-1"]
[WhiteElo "2089"]
[BlackElo "1911"]
[PlyCount "90"]
[EventDate "2009.04.15"]
[EventType "swiss"]
[EventRounds "7"]
[EventCountry "FRA"]

1. d4 Nf6 2. Nc3 d6 3. e4 Nbd7 4. g3 c6 5. Bg2 e5 6. Nge2 Be7 7. O-O O-O 8. h3
Qc7 9. a4 a5 10. Be3 exd4 11. Nxd4 Ne5 12. f4 Nc4 13. Bc1 d5 14. b3 Bb4 15. Na2
Nb6 16. Nxb4 axb4 17. e5 Ne4 18. Qe1 Qe7 19. Bb2 Qc5 20. Kh2 f5 21. Rd1 Qe7 22.
Rg1 Nd7 23. g4 Ndc5 24. g5 Ne6 25. Rf1 Nxd4 26. Bxd4 Be6 27. Bxe4 fxe4 28. Qe3
Qe8 29. Bc5 Rf5 30. Rd2 Qh5 31. Qg3 Rd8 32. Bxb4 Rd7 33. Bd6 Rdf7 34. Rdf2 d4
35. Qg4 Qg6 36. Qe2 e3 37. h4 Bd5 38. h5 Qe6 39. Rg2 Bxg2 40. Kxg2 Rxf4 41.
Rxf4 Rxf4 42. Qc4 Qxc4 43. bxc4 e2 44. e6 e1=Q 45. Bxf4 Qxe6 0-1

[Event "Open de Brest"]
[Site "Brest"]
[Date "2009.04.13"]
[Round "6.3"]
[White "Tafforeau, Romain"]
[Black "Mevel, Mael"]
[Result "1-0"]
[WhiteElo "1982"]
[BlackElo "1870"]
[PlyCount "81"]
[EventDate "2009.04.15"]
[EventType "swiss"]
[EventRounds "7"]
[EventCountry "FRA"]

1. d4 Nf6 2. c4 g6 3. Nc3 d5 4. Nf3 Bg7 5. Bg5 c6 6. e3 O-O 7. Bd3 dxc4 8. Bxc4
a6 9. O-O b5 10. Bd3 Bb7 11. Bxf6 exf6 12. Ne4 Nd7 13. Rc1 Qe7 14. Nc5 Nxc5 15.
Rxc5 Rac8 16. Qc2 Qe6 17. a3 Rfe8 18. b4 Bf8 19. Rc3 Bd6 20. Nd2 c5 21. bxc5
Bxh2+ 22. Kxh2 Bxg2 23. Bf5 gxf5 24. Rg1 Kh8 25. Rxg2 Rg8 26. Rxg8+ Rxg8 27.
Qd1 Qd5 28. Qf3 Qa2 29. Qe2 Qa1 30. Nf1 Qxc3 31. Qf3 Qd3 32. Ng3 f4 33. Qxf4
Qg6 34. c6 f5 35. d5 Rc8 36. Qxf5 Qxf5 37. Nxf5 a5 38. d6 b4 39. d7 Rg8 40. c7
bxa3 41. c8=Q 1-0

[Event "Open de Brest"]
[Site "Brest"]
[Date "2009.04.13"]
[Round "6.4"]
[White "Castel, Efflam"]
[Black "Le Marec, Simon"]
[Result "0-1"]
[WhiteElo "1894"]
[BlackElo "2063"]
[PlyCount "72"]
[EventDate "2009.04.15"]
[EventType "swiss"]
[EventRounds "7"]
[EventCountry "FRA"]

1. e4 e6 2. d4 d5 3. exd5 exd5 4. Bd3 Bd6 5. Nf3 Ne7 6. O-O Bf5 7. Nc3 Bxd3 8.
Qxd3 c6 9. Ne2 Qc7 10. Ng3 g6 11. Bg5 Nd7 12. Rfe1 f6 13. Bd2 O-O-O 14. b4 h5
15. a4 h4 16. Nf1 g5 17. Reb1 g4 18. Ne1 Rdg8 19. g3 hxg3 20. fxg3 Ng6 21. Ng2
Rh5 22. c4 dxc4 23. Qxc4 Rgh8 24. b5 Nge5 25. dxe5 Nxe5 26. Qe6+ Kb8 27. bxc6
Qxc6 28. Be3 Nf3+ 29. Kf2 Bxg3+ 30. Nxg3 Qxe6 31. Nxh5 Rxh5 32. Bf4+ Ka8 33.
Rd1 Qb6+ 34. Be3 Qb2+ 35. Kg3 Rh3+ 36. Kxg4 Qxg2+ 0-1

[Event "Open de Brest"]
[Site "Brest"]
[Date "2009.04.13"]
[Round "6.5"]
[White "Dupitier, Mickael"]
[Black "Schmouchkovitch, Michel"]
[Result "1/2-1/2"]
[WhiteElo "1894"]
[BlackElo "1993"]
[PlyCount "28"]
[EventDate "2009.04.15"]
[EventType "swiss"]
[EventRounds "7"]
[EventCountry "FRA"]

1. d4 e6 2. Nf3 f5 3. c4 Nf6 4. g3 Bb4+ 5. Nfd2 a5 6. b3 O-O 7. Bg2 Ne4 8. Bb2
Nc6 9. O-O d5 10. Nxe4 dxe4 11. e3 Be7 12. f3 exf3 13. Bxf3 Bf6 14. Na3 Nb4
1/2-1/2

[Event "Open de Brest"]
[Site "Brest"]
[Date "2009.04.13"]
[Round "6.6"]
[White "Gueguen, Ronan"]
[Black "Le Razavet, Yannick"]
[Result "1-0"]
[WhiteElo "1814"]
[BlackElo "1844"]
[PlyCount "39"]
[EventDate "2009.04.15"]
[EventType "swiss"]
[EventRounds "7"]
[EventCountry "FRA"]

1. e4 c5 2. c3 d5 3. exd5 Qxd5 4. d4 Nc6 5. Nf3 Bg4 6. Be2 cxd4 7. cxd4 e6 8.
Nc3 Qa5 9. O-O a6 10. Qb3 Nge7 11. Bf4 Rd8 12. Qxb7 Bxf3 13. Bxf3 Nxd4 14. Bd1
Nd5 15. Ba4+ Nb5 16. Bxb5+ axb5 17. Nxd5 Rxd5 18. Rac1 Bb4 19. Rc8+ Rd8 20. Bc7
1-0

[Event "Open de Brest"]
[Site "Brest"]
[Date "2009.04.13"]
[Round "6.7"]
[White "Desbois, Antoine"]
[Black "Burel, Gwenaelle"]
[Result "1/2-1/2"]
[WhiteElo "1956"]
[BlackElo "1655"]
[PlyCount "42"]
[EventDate "2009.04.15"]
[EventType "swiss"]
[EventRounds "7"]
[EventCountry "FRA"]

1. e4 c5 2. Nc3 e6 3. g3 Nc6 4. Bg2 g6 5. f4 Bg7 6. Nf3 d6 7. O-O Nge7 8. d3
O-O 9. Qe1 f5 10. Nd1 Rb8 11. c3 b5 12. Ne3 b4 13. Bd2 Ba6 14. Nc4 Qd7 15. b3
Bb7 16. Nb2 a5 17. Rb1 Ba6 18. c4 Bb7 19. Be3 e5 20. Qd1 Rbe8 21. Bf2 Na7
1/2-1/2

[Event "Open de Brest"]
[Site "Brest"]
[Date "2009.04.13"]
[Round "6.8"]
[White "Guillerm, Mischa"]
[Black "Darrieux, Thomas"]
[Result "0-1"]
[WhiteElo "1800"]
[BlackElo "1650"]
[PlyCount "51"]
[EventDate "2009.04.15"]
[EventType "swiss"]
[EventRounds "7"]
[EventCountry "FRA"]

1. e4 e6 2. d4 d5 3. Nd2 Nf6 4. e5 Nfd7 5. Bd3 c5 6. c3 Nc6 7. Ne2 Qb6 8. Nf3
cxd4 9. cxd4 f6 10. exf6 Nxf6 11. O-O Bd6 12. Bf4 Qc7 13. Bxd6 Qxd6 14. Nc3 O-O
15. Re1 Kh8 16. h3 a6 17. a3 b5 18. b4 g6 19. Qd2 Qc7 20. Rac1 Bb7 21. Rxe6 Qf7
22. Ng5 Qg8 23. Qf4 Ne8 24. Qh4 Nf6 25. Nxd5 Nxd5 26. Rxg6 0-1

[Event "12ème open"]
[Site "Louviers"]
[Date "2009.05.30"]
[Round "1"]
[White "Aknouche, Abdesslem"]
[Black "Pytel, Krzysztof"]
[Result "0-1"]
[WhiteElo "1650"]
[BlackElo "2387"]
[PlyCount "70"]
[EventDate "2009.05.30"]
[EventType "swiss"]
[EventRounds "6"]
[EventCountry "FRA"]

1. d4 Nf6 2. Nf3 g6 3. g3 Bg7 4. Bg2 O-O 5. e3 c5 6. O-O Na6 7. Nbd2 Rb8 8. e4
d6 9. a4 cxd4 10. Nxd4 Nc5 11. f3 Bd7 12. c3 a6 13. Qe2 Nxa4 14. Re1 Nc5 15. e5
dxe5 16. Qxe5 Nd3 17. Qxe7 Nxe1 18. Qxe1 Re8 19. Qf2 Nd5 20. Nc4 Qe7 21. Bd2
Qc5 22. Bf1 b5 23. Ne3 Nxe3 24. Bxe3 Qe7 25. Bf4 Ra8 26. Bd3 b4 27. Be4 Rac8
28. Rxa6 bxc3 29. bxc3 Rxc3 30. Ra7 Qd8 31. Qd2 Bh3 32. Ra4 Qd7 33. Nc6 Rxc6
34. Qxd7 Bxd7 35. Ra7 Bd4+ 0-1

[Event "12ème open"]
[Site "Louviers"]
[Date "2009.05.30"]
[Round "1"]
[White "Dallery, Christophe"]
[Black "Grenet, Dominique"]
[Result "1-0"]
[WhiteElo "1960"]
[BlackElo "1440"]
[PlyCount "76"]
[EventDate "2009.05.30"]
[EventType "swiss"]
[EventRounds "6"]
[EventCountry "FRA"]

1. d4 d5 2. Nf3 c6 3. c4 Nf6 4. Nc3 e6 5. e3 Be7 6. Bd3 Qc7 7. Bd2 Nbd7 8. Rc1
O-O 9. O-O e5 10. cxd5 Qb6 11. dxc6 bxc6 12. dxe5 Ng4 13. Qc2 g6 14. e6 fxe6
15. Bxg6 Ndf6 16. Bxh7+ Nxh7 17. Qg6+ Kh8 18. Qxg4 Qb7 19. Ne4 e5 20. Qg3 Bf6
21. Nxf6 Nxf6 22. Nxe5 Bf5 23. Rxc6 Ne4 24. Qh4+ Kg8 25. Bc3 Nxc3 26. bxc3 Rae8
27. Qc4+ Rf7 28. Nxf7 Qxf7 29. Qxf7+ Kxf7 30. Rc7+ Ke6 31. Rxa7 Rd8 32. Rc1 Rd2
33. c4 Kd6 34. c5+ Kc6 35. a4 Be4 36. Ra6+ Kc7 37. h4 Rd5 38. f3 Bh7 1-0

[Event "12ème open"]
[Site "Louviers"]
[Date "2009.05.30"]
[Round "1"]
[White "De Saint Jores, Clement"]
[Black "Biyidi, Thomas"]
[Result "0-1"]
[WhiteElo "1299"]
[BlackElo "1873"]
[PlyCount "66"]
[EventDate "2009.05.30"]
[EventType "swiss"]
[EventRounds "6"]
[EventCountry "FRA"]

1. e4 c5 2. d3 d6 3. Nf3 Nc6 4. Nc3 Nf6 5. Be2 g6 6. O-O Bg7 7. Nd5 O-O 8.
Nxf6+ exf6 9. Bf4 f5 10. Bg5 f6 11. Bh4 g5 12. Bxg5 fxg5 13. exf5 Bxb2 14. Rb1
Bg7 15. g4 Bf6 16. Qd2 Kg7 17. c3 h5 18. gxh5 Bxf5 19. Rxb7+ Rf7 20. Rxf7+ Kxf7
21. d4 g4 22. Ng5+ Bxg5 23. f4 Bf6 24. dxc5 dxc5 25. Qb2 Rb8 26. Qa3 Qe7 27.
Re1 Qe3+ 28. Kf1 Qh3+ 29. Kf2 Bh4+ 30. Kg1 Qe3+ 31. Kf1 Qxf4+ 32. Kg2 Be4+ 33.
Kg1 Qf2# 0-1

[Event "12ème open"]
[Site "Louviers"]
[Date "2009.05.30"]
[Round "1"]
[White "Debray, Christopher"]
[Black "Dasilva, Antoine"]
[Result "1-0"]
[WhiteElo "2299"]
[BlackElo "1640"]
[PlyCount "29"]
[EventDate "2009.05.30"]
[EventType "swiss"]
[EventRounds "6"]
[EventCountry "FRA"]

1. Nf3 b6 2. e4 e6 3. d4 Bb7 4. Nc3 Bb4 5. Bd3 Bxc3+ 6. bxc3 c5 7. O-O Ne7 8.
Re1 O-O 9. e5 Nbc6 10. Bxh7+ Kh8 11. Be4 Ng6 12. Ng5 Kg8 13. Qh5 Re8 14. Bxg6
Qxg5 15. Qh7+ 1-0

[Event "12ème open"]
[Site "Louviers"]
[Date "2009.05.30"]
[Round "1"]
[White "Delengaigne, Gregory"]
[Black "Levesque, Thomas"]
[Result "0-1"]
[WhiteElo "1330"]
[BlackElo "1950"]
[PlyCount "54"]
[EventDate "2009.05.30"]
[EventType "swiss"]
[EventRounds "6"]
[EventCountry "FRA"]

1. e4 e5 2. Nf3 Nc6 3. Bc4 Bc5 4. c3 Nf6 5. d4 exd4 6. cxd4 Bb4+ 7. Bd2 Nxe4 8.
Qe2 Qe7 9. Bxb4 Nxb4 10. Bxf7+ Kxf7 11. Qc4+ d5 12. Qe2 Re8 13. Ne5+ Kg8 14.
O-O c5 15. Qe3 Nc2 16. Qb3 Nxd4 17. Qxd5+ Qe6 18. Qxe4 Qxe5 19. Qd3 Bf5 20.
Qc4+ Kh8 21. Nc3 Be6 22. Qd3 c4 23. Qd2 Rad8 24. Qd1 b5 25. f4 Qc5 26. Ne4 Qc6
27. Rc1 Qxe4 0-1

[Event "12ème open"]
[Site "Louviers"]
[Date "2009.05.30"]
[Round "1"]
[White "Dunand, Damien"]
[Black "Duverne, Jean Marie"]
[Result "0-1"]
[WhiteElo "1620"]
[BlackElo "2158"]
[PlyCount "68"]
[EventDate "2009.05.30"]
[EventType "swiss"]
[EventRounds "6"]
[EventCountry "FRA"]

1. c4 e5 2. Nc3 f5 3. g3 Nf6 4. Bg2 Be7 5. e3 O-O 6. Nge2 Nc6 7. O-O d6 8. d4
e4 9. f3 exf3 10. Rxf3 Bd7 11. Bd2 a6 12. Qc2 Rb8 13. Nf4 Kh8 14. Nfd5 b5 15.
cxb5 axb5 16. Nxf6 Bxf6 17. Rff1 Ne7 18. Nd5 Nxd5 19. Bxd5 b4 20. Rac1 c5 21.
dxc5 dxc5 22. Qxc5 Bxb2 23. Rb1 Qf6 24. Bg2 Bb5 25. Rf2 Bd3 26. Re1 Bc3 27. Rc1
Rbc8 28. Qd5 Rfd8 29. Qb3 Qe5 30. a3 Bxd2 31. Rxc8 Rxc8 32. Qxd3 Bxe3 33. axb4
Bxf2+ 34. Kxf2 Qb2+ 0-1

[Event "12ème open"]
[Site "Louviers"]
[Date "2009.05.30"]
[Round "1"]
[White "Goy, Wilfried"]
[Black "Pheng, Wissam"]
[Result "1-0"]
[WhiteElo "1953"]
[BlackElo "1400"]
[PlyCount "41"]
[EventDate "2009.05.30"]
[EventType "swiss"]
[EventRounds "6"]
[EventCountry "FRA"]

1. e4 e5 2. Nc3 Nf6 3. g3 d6 4. Bg2 Be7 5. Nge2 Nc6 6. O-O O-O 7. h3 Be6 8. d3
Qd7 9. Kh2 h6 10. f4 exf4 11. gxf4 Qd8 12. f5 Bc8 13. Nf4 b6 14. Rg1 Bb7 15.
Nh5 Ne5 16. d4 Nc6 17. Be3 Na5 18. Qe2 Qc8 19. Bh1 Nxh5 20. Qxh5 Kh7 21. Rxg7+
1-0

[Event "12ème open"]
[Site "Louviers"]
[Date "2009.05.30"]
[Round "1"]
[White "Lannaud, Jean Charles"]
[Black "Boursier, Xavier"]
[Result "1/2-1/2"]
[WhiteElo "1610"]
[BlackElo "2018"]
[PlyCount "139"]
[EventDate "2009.05.30"]
[EventType "swiss"]
[EventRounds "6"]
[EventCountry "FRA"]

1. Nf3 Nf6 2. c4 g6 3. d4 c5 4. Nc3 cxd4 5. Nxd4 Bg7 6. g3 O-O 7. Bg2 Nc6 8.
Nxc6 bxc6 9. O-O Rb8 10. Qc2 Bb7 11. Bf4 d6 12. Rfd1 Nh5 13. Be3 Qa5 14. Bd2
Qa6 15. Qd3 d5 16. c5 Qxd3 17. exd3 Ba6 18. Bc1 Bd4 19. Be3 Bxe3 20. fxe3 Rxb2
21. d4 Rfb8 22. Rab1 Kg7 23. Rxb2 Rxb2 24. e4 e6 25. Rb1 Rxb1+ 26. Nxb1 f5 27.
e5 Kf7 28. Kf2 Ng7 29. Nd2 Ne8 30. a3 Nc7 31. a4 Bd3 32. Ke3 Bc2 33. a5 Nb5 34.
Bf1 Nc3 35. Ba6 Ke7 36. Nf3 Ne4 37. Ne1 Ba4 38. Nd3 Nc3 39. Nf4 Bb5 40. Bc8 Nb1
41. Nxe6 Na3 42. Ng5 h6 43. Nf3 Nc4+ 44. Kf2 Nxa5 45. Nh4 Nb3 46. Ke3 a5 47.
Nxg6+ Kf7 48. Bxf5 a4 49. e6+ Ke8 50. Bb1 a3 51. Nf4 Nc1 52. h4 a2 53. Bxa2
Nxa2 54. g4 Nc3 55. g5 hxg5 56. hxg5 Ne4 57. g6 Nf6 58. Kf3 Ke7 59. Kg3 Ba6 60.
Kh4 Bc8 61. Kg5 Bxe6 62. Kh6 Ne8 63. g7 Bg8 64. Ng6+ Kd7 65. Ne5+ Kc7 66. Kg6
Kb7 67. Nf7 Kc7 68. Nh6 Nxg7 69. Kxg7 Be6 70. Kf6 1/2-1/2

[Event "12ème open"]
[Site "Louviers"]
[Date "2009.05.30"]
[Round "1"]
[White "Lefebvre, Richard"]
[Black "Pigache, Emmanuel"]
[Result "1-0"]
[WhiteElo "1890"]
[BlackElo "1300"]
[PlyCount "45"]
[EventDate "2009.05.30"]
[EventType "swiss"]
[EventRounds "6"]
[EventCountry "FRA"]

1. e4 d5 2. exd5 Qxd5 3. Nc3 Qd8 4. d4 e6 5. Nf3 Nd7 6. Bd3 c6 7. O-O Nb6 8. a3
Bd6 9. Ne4 Be7 10. c3 f5 11. Ned2 Nf6 12. Re1 Nbd5 13. Nc4 Bd7 14. Ng5 Ng4 15.
Nxe6 Qc8 16. Bxf5 Ngf6 17. Nxg7+ Kf8 18. Ne6+ Kf7 19. Ng5+ Kg7 20. Ne6+ Kf7 21.
Ne5+ Ke8 22. Nxd7 Nxd7 23. Qh5# 1-0

[Event "12ème open"]
[Site "Louviers"]
[Date "2009.05.30"]
[Round "1"]
[White "Marchandise, Frederic"]
[Black "Ribeiro, Joao"]
[Result "1-0"]
[WhiteElo "1862"]
[BlackElo "1290"]
[PlyCount "87"]
[EventDate "2009.05.30"]
[EventType "swiss"]
[EventRounds "6"]
[EventCountry "FRA"]

1. c4 Nf6 2. Nc3 g6 3. g3 Bg7 4. Bg2 O-O 5. d3 c6 6. Bf4 d5 7. cxd5 cxd5 8. Qb3
Be6 9. Qxb7 Nbd7 10. Nf3 a6 11. O-O Nc5 12. Qb4 Rc8 13. Rfc1 Rc6 14. Ne5 a5 15.
Nxc6 axb4 16. Nxd8 Rxd8 17. Nd1 Rc8 18. a4 Nb3 19. Rxc8+ Bxc8 20. Rb1 Bd7 21.
Ne3 e6 22. Nc2 Bf8 23. a5 Bc5 24. Bc7 Bb5 25. Bf1 Ng4 26. e3 Nd2 27. Rd1 Nxf1
28. Kxf1 Nxh2+ 29. Kg2 Ng4 30. d4 Be7 31. Ra1 Bd3 32. Ne1 Be2 33. a6 Bb5 34. a7
Bc6 35. a8=Q+ Bxa8 36. Rxa8+ Kg7 37. Rb8 f5 38. Nd3 Kh6 39. Nxb4 Bxb4 40. Rxb4
Nf6 41. Rb6 Ne8 42. Bf4+ Kg7 43. Rxe6 Kf7 44. Ra6 1-0

[Event "12ème open"]
[Site "Louviers"]
[Date "2009.05.30"]
[Round "1"]
[White "Mouhamad, Joachin"]
[Black "Billard, Sebastien"]
[Result "1-0"]
[WhiteElo "1978"]
[BlackElo "1600"]
[PlyCount "75"]
[EventDate "2009.05.30"]
[EventType "swiss"]
[EventRounds "6"]
[EventCountry "FRA"]

1. e4 d5 2. exd5 Nf6 3. Nf3 Nxd5 4. d4 Bf5 5. Bd3 Bxd3 6. Qxd3 e6 7. O-O Nc6 8.
a3 Bd6 9. c4 Nf4 10. Qe4 f5 11. Qe1 Qf6 12. Bxf4 Bxf4 13. g3 Bd6 14. Nc3 O-O-O
15. Rd1 Rhe8 16. Nb5 a6 17. Nxd6+ Rxd6 18. d5 Nd8 19. c5 Rd7 20. Qe2 e5 21. c6
Rd6 22. Qc4 bxc6 23. Qxa6+ Kd7 24. dxc6+ Ke7 25. Rxd6 Qxd6 26. Re1 Nxc6 27. b4
e4 28. Nh4 Rf8 29. Qe2 g6 30. Rd1 Qe5 31. Qc4 Rd8 32. Rc1 Rd6 33. b5 e3 34.
bxc6 exf2+ 35. Kf1 Rd5 36. Qe2 Kd6 37. Qxe5+ Rxe5 38. Kxf2 1-0

[Event "12ème open"]
[Site "Louviers"]
[Date "2009.05.30"]
[Round "1"]
[White "Paris, Christophe"]
[Black "Guillaumat, Jean Pierre"]
[Result "0-1"]
[WhiteElo "1430"]
[BlackElo "1957"]
[PlyCount "74"]
[EventDate "2009.05.30"]
[EventType "swiss"]
[EventRounds "6"]
[EventCountry "FRA"]

1. e4 c5 2. d4 cxd4 3. c3 d3 4. Qxd3 Nc6 5. Bg5 g6 6. Qe3 Bg7 7. Bc4 d6 8. Ne2
Nf6 9. h3 Bd7 10. Nf4 O-O 11. Nd5 Rc8 12. Nd2 Ne5 13. Bb3 b6 14. f4 Nc6 15. g4
e6 16. Nxf6+ Bxf6 17. h4 Na5 18. Bc2 Kg7 19. e5 dxe5 20. Bxf6+ Qxf6 21. fxe5
Qe7 22. g5 Nc4 23. Nxc4 Rxc4 24. O-O-O Bc6 25. Rh2 Qc5 26. Rd4 Bd5 27. Kd2 Rc8
28. Rxc4 Bxc4 29. Qxc5 Rxc5 30. b3 Ba6 31. c4 Rxe5 32. Rh3 Bb7 33. Rg3 h6 34.
gxh6+ Kxh6 35. Bd1 Rf5 36. Ke3 Re5+ 37. Kf4 Re4+ 0-1

[Event "12ème open"]
[Site "Louviers"]
[Date "2009.05.30"]
[Round "1"]
[White "Rousselin, Marc"]
[Black "Pytel, Bozena"]
[Result "1-0"]
[WhiteElo "1578"]
[BlackElo "1960"]
[PlyCount "71"]
[EventDate "2009.05.30"]
[EventType "swiss"]
[EventRounds "6"]
[EventCountry "FRA"]

1. e4 e6 2. d4 d5 3. Nc3 Nf6 4. e5 Nfd7 5. f4 c5 6. Nf3 Nc6 7. Be3 cxd4 8. Nxd4
Bc5 9. Qd2 a6 10. O-O-O Bxd4 11. Bxd4 b5 12. g4 Qa5 13. Kb1 Rb8 14. Ne2 b4 15.
Be3 Qc7 16. Nd4 Nxd4 17. Bxd4 a5 18. Bd3 a4 19. b3 a3 20. Rhe1 Nc5 21. f5 h6
22. f6 g6 23. h4 h5 24. gxh5 Rxh5 25. Qe3 Nd7 26. Be2 Rxh4 27. Rh1 Rxd4 28.
Rh8+ Nf8 29. Qxd4 Bd7 30. Rdh1 Kd8 31. Rxf8+ Be8 32. Rhh8 Kd7 33. Rxe8 Qb6 34.
Qxb6 Rxb6 35. Re7+ Kc6 36. Rc8# 1-0

[Event "12ème open"]
[Site "Louviers"]
[Date "2009.05.30"]
[Round "1"]
[White "Soriano, Manon"]
[Black "Duhamel, Benoit"]
[Result "0-1"]
[WhiteElo "1310"]
[BlackElo "1930"]
[PlyCount "58"]
[EventDate "2009.05.30"]
[EventType "swiss"]
[EventRounds "6"]
[EventCountry "FRA"]

1. e4 e5 2. Nf3 Nc6 3. Bc4 Nf6 4. Ng5 d5 5. exd5 Na5 6. Bb5+ c6 7. dxc6 bxc6 8.
Be2 Bc5 9. O-O h6 10. Nf3 e4 11. Ne1 O-O 12. Nc3 Rb8 13. Na4 Bd6 14. b3 Nd5 15.
Bb2 Qg5 16. g3 Bh3 17. Ng2 Nf4 18. Nxf4 Bxf4 19. Bc3 Bxf1 20. Bxf1 Bc7 21. b4
Nb7 22. Ba6 Bb6 23. Rb1 Rfd8 24. Qe2 Qf5 25. Nxb6 axb6 26. Bc4 Nd6 27. Bb3 Nb5
28. Qc4 Na3 29. Re1 Nxc4 0-1

[Event "12ème open"]
[Site "Louviers"]
[Date "2009.05.30"]
[Round "1"]
[White "Tirard, Hugo"]
[Black "Saint Gilles, Damien"]
[Result "1-0"]
[WhiteElo "2425"]
[BlackElo "1669"]
[PlyCount "83"]
[EventDate "2009.05.30"]
[EventType "swiss"]
[EventRounds "6"]
[EventCountry "FRA"]

1. e4 d5 2. exd5 Qxd5 3. Nc3 Qd6 4. d4 c6 5. Nf3 Nf6 6. g3 Bg4 7. Bg2 e6 8. h3
Bh5 9. Bf4 Qd8 10. Qd2 Nbd7 11. O-O Bb4 12. a3 Ba5 13. b4 Bc7 14. Rfe1 Bg6 15.
Bxc7 Qxc7 16. Ne5 Nxe5 17. dxe5 Nd5 18. Na4 O-O 19. c4 Nb6 20. Nb2 Rfd8 21. Qc3
a5 22. c5 Nd5 23. Bxd5 axb4 24. axb4 Rxa1 25. Rxa1 cxd5 26. Qd4 Qb8 27. Na4 Qc7
28. Nc3 h6 29. Nb5 Qd7 30. Nd6 Rb8 31. Ra7 Qd8 32. h4 Ra8 33. Nxb7 Qb8 34. Rxa8
Qxa8 35. Nd6 Qa4 36. Kg2 Qc2 37. b5 Be4+ 38. Nxe4 dxe4 39. b6 Qe2 40. b7 Qf3+
41. Kg1 Qb3 42. Qd8+ 1-0

[Event "12ème open"]
[Site "Louviers"]
[Date "2009.05.30"]
[Round "1"]
[White "Vigneron, Frederic"]
[Black "Leharanger, Guillaume"]
[Result "1-0"]
[WhiteElo "1949"]
[BlackElo "1320"]
[PlyCount "51"]
[EventDate "2009.05.30"]
[EventType "swiss"]
[EventRounds "6"]
[EventCountry "FRA"]

1. d4 d6 2. c4 Nf6 3. Nc3 g6 4. e4 Bg7 5. f4 e5 6. dxe5 Bg4 7. Nf3 Nfd7 8. exd6
Bxc3+ 9. bxc3 Bxf3 10. Qxf3 cxd6 11. Bd3 O-O 12. O-O Qb6+ 13. Be3 Qb2 14. Rfc1
g5 15. Rab1 Qxa2 16. Rxb7 gxf4 17. Qg4+ Kh8 18. Bd4+ Ne5 19. Qxf4 Rg8 20. Bxe5+
dxe5 21. Qxe5+ Rg7 22. Rxb8+ Rxb8 23. Qxb8+ Rg8 24. Qe5+ Rg7 25. Bc2 Qb2 26.
Rb1 1-0

[Event "12ème open"]
[Site "Louviers"]
[Date "2009.05.30"]
[Round "2"]
[White "Biyidi, Thomas"]
[Black "Debray, Christopher"]
[Result "0-1"]
[WhiteElo "1873"]
[BlackElo "2299"]
[PlyCount "66"]
[EventDate "2009.05.30"]
[EventType "swiss"]
[EventRounds "6"]
[EventCountry "FRA"]

1. e4 c5 2. Nf3 e6 3. d4 cxd4 4. Nxd4 Nc6 5. Nc3 Nf6 6. Nxc6 bxc6 7. e5 Nd5 8.
Ne4 f5 9. Nd6+ Bxd6 10. exd6 O-O 11. Bd3 Qb6 12. O-O c5 13. c4 Nb4 14. a3 Nc6
15. Be3 Nd4 16. b4 e5 17. Rb1 Qxd6 18. bxc5 Qxc5 19. Rb5 Qxa3 20. Bxd4 exd4 21.
Qf3 Ba6 22. Rxf5 Qd6 23. c5 Qe6 24. Rxf8+ Rxf8 25. Bxh7+ Kxh7 26. Qxf8 Bxf1 27.
Kxf1 Qc4+ 28. Ke1 d3 29. Qf5+ Kg8 30. Kd2 Qc2+ 31. Ke3 Qe2+ 32. Kd4 d2 33. Qd5+
Kf8 {Suite non lisible} 0-1

[Event "12ème open"]
[Site "Louviers"]
[Date "2009.05.30"]
[Round "2"]
[White "Bordelet, Louis"]
[Black "Dallery, Christophe"]
[Result "0-1"]
[WhiteElo "1804"]
[BlackElo "1960"]
[PlyCount "48"]
[EventDate "2009.05.30"]
[EventType "swiss"]
[EventRounds "6"]
[EventCountry "FRA"]

1. e4 c5 2. Nf3 d6 3. d4 cxd4 4. Qxd4 a6 5. Nc3 Nf6 6. Bg5 Nc6 7. Qd2 Bg4 8.
O-O-O Qa5 9. Kb1 Bxf3 10. gxf3 e6 11. f4 Be7 12. Bg2 O-O 13. Rhe1 Rfd8 14. Qe2
Rac8 15. Rd3 Nb4 16. Rh3 Rxc3 17. Rxc3 Qxa2+ 18. Kc1 Qa1+ 19. Kd2 Qxb2 20. Qd1
d5 21. Qa1 Qxa1 22. Rxa1 dxe4+ 23. Ke3 h6 24. Ra4 hxg5 0-1

[Event "12ème open"]
[Site "Louviers"]
[Date "2009.05.30"]
[Round "2"]
[White "Boursier, Xavier"]
[Black "Rousselin, Marc"]
[Result "1/2-1/2"]
[WhiteElo "2018"]
[BlackElo "1578"]
[PlyCount "101"]
[EventDate "2009.05.30"]
[EventType "swiss"]
[EventRounds "6"]
[EventCountry "FRA"]

1. e4 c5 2. c3 d5 3. exd5 Qxd5 4. d4 Nc6 5. Nf3 Nf6 6. dxc5 Qxd1+ 7. Kxd1 Bg4
8. Be3 e5 9. b4 a5 10. Bb5 axb4 11. Bxc6+ bxc6 12. cxb4 Nd5 13. Bd2 Be7 14. Re1
O-O 15. a3 f5 16. Rxe5 Bf6 17. Rxd5 Bxa1 18. Rd6 Rfc8 19. h3 Bxf3+ 20. gxf3 Bb2
21. Kc2 Bf6 22. Bc3 Bxc3 23. Kxc3 Ra7 24. Kb3 Re7 25. Nc3 Re1 26. Kc4 Rh1 27.
b5 cxb5+ 28. Kxb5 Rxh3 29. Rd3 Rh6 30. Nd5 Kf7 31. Nb6 Rc7 32. a4 Rhc6 33. Rc3
h5 34. Nd5 Rc8 35. Nf4 h4 36. a5 g5 37. Nd3 Ke6 38. a6 h3 39. a7 h2 40. Rc1
R6c7 41. Kb6 Rh7 42. Rh1 Kd5 43. Nb4+ Kc4 44. Na6 Ra8 45. Nc7 Rxa7 46. Kxa7
Rxc7+ 47. Kb6 Kd5 48. Rxh2 Rxc5 49. Rh5 Rc3 50. Rxg5 Rxf3 51. Rg2 1/2-1/2

[Event "12ème open"]
[Site "Louviers"]
[Date "2009.05.30"]
[Round "2"]
[White "Duhamel, Benoit"]
[Black "Tirard, Hugo"]
[Result "0-1"]
[WhiteElo "1930"]
[BlackElo "2425"]
[PlyCount "60"]
[EventDate "2009.05.30"]
[EventType "swiss"]
[EventRounds "6"]
[EventCountry "FRA"]

1. e4 c5 2. Nf3 Nc6 3. d4 cxd4 4. Nxd4 Nf6 5. Nc3 e5 6. Nb3 Bb4 7. Bg5 h6 8.
Bxf6 Bxc3+ 9. bxc3 Qxf6 10. Nd2 Qg6 11. g3 d6 12. Rb1 b6 13. f3 O-O 14. Bc4 Bh3
15. Qe2 h5 16. Rg1 Be6 17. g4 Qg5 18. Qf2 h4 19. a4 Rac8 20. Bb3 Na5 21. f4
Qxf4 22. Qxf4 exf4 23. g5 Rxc3 24. g6 Nxb3 25. cxb3 f5 26. Kf2 Rc2 27. Ke2 fxe4
28. Kd1 Ra2 29. Nxe4 Bf5 30. Re1 Bg4+ 0-1

[Event "12ème open"]
[Site "Louviers"]
[Date "2009.05.30"]
[Round "2"]
[White "Duverne, Jean Marie"]
[Black "Marchandise, Frederic"]
[Result "1-0"]
[WhiteElo "2158"]
[BlackElo "1862"]
[PlyCount "55"]
[EventDate "2009.05.30"]
[EventType "swiss"]
[EventRounds "6"]
[EventCountry "FRA"]

1. e4 c5 2. Nf3 Nc6 3. c3 Nf6 4. e5 Ng4 5. d4 cxd4 6. cxd4 Qb6 7. h3 Nh6 8. d5
Qa5+ 9. Nc3 Nb4 10. a3 Na6 11. Be2 g6 12. O-O Bg7 13. b4 Nxb4 14. Bxh6 Bxh6 15.
axb4 Qxb4 16. Nb5 O-O 17. Rxa7 Rxa7 18. Nxa7 d6 19. exd6 Qxd6 20. Nxc8 Rxc8 21.
Qb3 Qd7 22. Rb1 Kf8 23. Qxb7 Rc1+ 24. Bf1 Qxb7 25. Rxb7 Rc5 26. Rb5 Rc7 27. g3
Ke8 28. Ne5 1-0